书目信息 |
| 题名: |
性格影响力
|
|
| 作者: | 郭婷 主编 | |
| 分册: | ||
| 出版信息: | 哈尔滨 黑龙江美术出版社 2019.4 |
|
| 页数: | 214页 | |
| 开本: | 19cm | |
| 丛书名: | ||
| 单 册: | ||
| 中图分类: | B848.6-49 | |
| 科图分类: | ||
| 主题词: | 性格--通俗读物 | |
| 电子资源: | ||
| ISBN: | 978-7-5593-4513-4 | |
| 000 | 00969nam0 2200229 45 | |
| 001 | 012001002382 | |
| 005 | 20130123105909.0 | |
| 010 | @a978-7-5593-4513-4@dCNY32.80 | |
| 100 | @a20190404d2019 em y0chiy0110 ea | |
| 101 | 0 | @achi |
| 102 | @aCN@b230000 | |
| 105 | @ay z 000yy | |
| 106 | @ar | |
| 200 | 1 | @a性格影响力@9xing ge ying xiang li@f郭婷主编 |
| 210 | @a哈尔滨@c黑龙江美术出版社@d2019.4 | |
| 215 | @a214页@d19cm | |
| 330 | @a本书着重从性格的自我认识,培养自信乐观、积极向上、持之以恒、坚定执着等性格,以及如何走出不良性格的迷雾等方面进行了深度分析,使读者在认识自己性格的同时,学会不断完善自己的性格。性格在我们的生活中无处不在,从任何一个角度都可以看到它折射出的光彩。我们播种一种行为,会收获一个习惯;而播种一个习惯,会收获一种性格;而当你学会播种一种性格,就会获得与之相对应的人生。 | |
| 606 | 0 | @a性格@x通俗读物 |
| 690 | @aB848.6-49@v5 | |
| 701 | 0 | @a郭婷@9guo ting@4主编 |
| 801 | 0 | @aCN@b江苏凤凰@c20191020 |
| 905 | @b1215778-81@dB848.6-49@e3052@f4 | |
| 性格影响力/郭婷主编.-哈尔滨:黑龙江美术出版社,2019.4 |
| 214页;19cm |
| ISBN 978-7-5593-4513-4:CNY32.80 |
| 本书着重从性格的自我认识,培养自信乐观、积极向上、持之以恒、坚定执着等性格,以及如何走出不良性格的迷雾等方面进行了深度分析,使读者在认识自己性格的同时,学会不断完善自己的性格。性格在我们的生活中无处不在,从任何一个角度都可以看到它折射出的光彩。我们播种一种行为,会收获一个习惯;而播种一个习惯,会收获一种性格;而当你学会播种一种性格,就会获得与之相对应的人生。 |
| ● |
| 相关链接 |
|
|
|
|
正题名:性格影响力
索取号:B848.6-49/3052
 
预约/预借
| 序号 | 登录号 | 条形码 | 馆藏地/架位号 | 状态 | 备注 |
| 1 | 1215778 | 212157789 | 第一样本阅览室/ [索取号:B848.6-49/3052] | 在馆 | |
| 2 | 1215779 | 212157798 | 教育系资料室/ [索取号:B848.6-49/3052] | 在馆 | |
| 3 | 1215780 | 212157805 | 教育系资料室/ [索取号:B848.6-49/3052] | 在馆 | |
| 4 | 1215781 | 212157814 | 第一借阅区/ [索取号:B848.6-49/3052] | 在馆 |